França - Statistics

Estatísticas Gerais
  • Esse quiz foi jogado 36 vezes
  • A pontuação média é 6 de 13
Estatísticas das Respostas
Imagem Resposta % Correto
Torre Eiffel
100%
Arco do Triunfo
93%
Museu do Louvre
89%
Notre-dame
89%
Palácio de Versalhes
67%
Disneyland
48%
Champs-Élysées
44%
Basílica de Sacré Cœur
26%
Monte Saint-Michel
11%
Museu de Orsay
11%
Costa Azul
4%
Moulin Rogue
0%
Ponte de l'Alma
0%
Nenhum quiz correspondente encontrado
Distribuição das Pontuações
Porcentagem de Pessoas com Cada Pontuação
Percentil de Números Respondidos
Sua Pontuação Histórica
Você não jogou esse quiz